Statistics for Famous Composers and their Works

Click here to take the quiz!

General Stats

  • This quiz has been taken 38 times
    (29 since last reset)
  • The average score is 22 of 38

Answer Stats

Notable Work(s)Composer% Correct
Toccata in D Minor / Brandenburg Concerto No.3Johann Sebastian Bach
100%
Fur Elise / Symphony No.5 / 9th Ode of JoyLudwig van Beethoven
100%
Eine kleine Nachtmusik / Turkish MarchWolfgang Amadeus Mozart
92%
The Four SeasonsAntonio Vivaldi
88%
The Blue Danube / Voices of SpringJohann Strauss
84%
Swan Lake / Waltz of the FlowersPyotr Ilyich Tchaikovsky
84%
Ride of the ValyriesRichard Wagner
84%
BoleroMaurice Ravel
80%
Messiah / Water MusicGeorge Frideric Handel
76%
Peer Gynt / In the Hall of the Mountain KingEdvard Grieg
72%
Rhapsody in Blue / SummertimeGeorge Gershwin
72%
La Traviata / NabuccoGiuseppe Verdi
68%
Finlandia / Valse TristeJean Sibelius
68%
Hungarian DancesJohannes Brahms
68%
New World SymphonyAntonín Dvořák
64%
Clair de lune / Prelude to the Afternoon of a FaunClaude Debussy
64%
Hungarian Rhapsody No.2 / LiebestramFranz Liszt
64%
Imperial March / Star Wars Main ThemeJohn Williams
64%
Surprise Symphony / Emperor's HymnJoseph Haydn
64%
Wedding MarchFelix Mendelssohn
60%
Flight of the Bumblebee / ScheherazadeNikolai Rimsky-Korsakov
60%
Erlkönig / Ave MariaFranz Schubert
56%
Carmina BuranaCarl Orff
52%
Habanera / Les ToreadorsGeorges Bizet
52%
5th Caprice / 24th CapriceNiccolò Paganini
52%
Larghetto from Piano Concerto No. 2 in F minorFrédéric Chopin
48%
The Barber of SevilleGioachino Rossini
48%
Tosca / TurandotGiacomo Puccini
44%
Merry Farmers / TraumereiRobert Schumann
40%
Sabre Dance / MasqueradeAram Khachaturian
36%
Also sprach ZarathustraRichard Strauss
36%
Jazz Suite No.2Dmitri Shostakovich
32%
Rhapsody on a Theme of PaganiniSergei Rachmaninoff
32%
The Moldau / The Bartered BrideBedřich Smetana
28%
Infernal Gallop / Orpheus in the UnderworldJacques Offenbach
28%
Prince Igor / Polovtsian DancesAlexander Borodin
20%
Entry of the GladiatorsJulius Fučík
16%
The Skaters WaltzÉmile Waldteufel
8%

Score Distribution

Percentile by Number Answered

Percent of People with Each Score

Your Score History

You have not taken this quiz since the last reset